Annex to circular 1 2010 (Record no. 112018)

MARC details
000 -LEADER
fixed length control field 01928cad a22003015a 4500
001 - CONTROL NUMBER
control field E152361
008 - FIXED-LENGTH DATA ELEMENTS--GENERAL INFORMATION
fixed length control field 110228s2011 xxk f s000 0 eng d
020 ## - INTERNATIONAL STANDARD BOOK NUMBER
International Standard Book Number 9781780450278
022 1# - INTERNATIONAL STANDARD SERIAL NUMBER
International Standard Serial Number 0141-514X
035 ## - SYSTEM CONTROL NUMBER
System control number (Sirsi) u152361
041 0# - LANGUAGE CODE
Language code of text/sound track or separate title eng
050 04 - LIBRARY OF CONGRESS CALL NUMBER
Classification number 711.1 $2 18
110 2# - MAIN ENTRY--CORPORATE NAME
Corporate name or jurisdiction name as entry element Scotland
Subordinate unit Scottish Government
9 (RLIN) 5344
245 00 - TITLE STATEMENT
Title Annex to circular 1 2010
Remainder of title planning agreements, planning obligations and good neighbour agreements
Medium [electronic resource]
260 ## - PUBLICATION, DISTRIBUTION, ETC.
Place of publication, distribution, etc. Edinburgh
Name of publisher, distributor, etc. Scottish Government
Date of publication, distribution, etc. 2011
490 #0 - SERIES STATEMENT
Series statement Planning Circular
Volume/sequential designation (1/2010)
520 ## - SUMMARY, ETC.
Summary, etc. Sets out policy relating to planning obligations and good neighbour agreements under the Town and Country Planning (Scotland) Act 1997 S75 and S75D, as amended by the Planning etc (Scotland) Act 2006. Also covers provisions set out in the following regulations: Town and Country Planning (Modification and Discharge of Planning Obligations) (Scotland) Regulations 2010 (SSI 2010 No.432); Town and Country Planning (Modification And Discharge of Good Neighbour Agreement) (Scotland) Regulations 2010 (SSI 2010 No.433); and Planning etc (Scotland) Act 2006 (Saving and Transitional Provisions) Order 2010 (SSI 2010 No 431).
521 ## - TARGET AUDIENCE NOTE
Target audience note Advanced
590 ## - LOCAL NOTE (RLIN)
Local note KA
650 14 - SUBJECT ADDED ENTRY--TOPICAL TERM
Topical term or geographic name entry element TOWN AND COUNTRY PLANNING (SCOTLAND) ACT 1997 S75
650 24 - SUBJECT ADDED ENTRY--TOPICAL TERM
Topical term or geographic name entry element TOWN AND COUNTRY PLANNING (MODIFICATION AND DISCHARGE OF PLANNING OBLIGATIONS) (SCOTLAND) REGULATIONS 2010
650 24 - SUBJECT ADDED ENTRY--TOPICAL TERM
Topical term or geographic name entry element TOWN AND COUNTRY PLANNING (MODIFICATION AND DISCHARGE OF GOOD NEIGHBOUR AGREEMENT) (SCOTLAND) REGULATIONS 2010
650 24 - SUBJECT ADDED ENTRY--TOPICAL TERM
Topical term or geographic name entry element PLANNING ETC. (SCOTLAND) ACT 2006 (SAVING AND TRANSITIONAL PROVISIONS) ORDER 2010
651 #4 - SUBJECT ADDED ENTRY--GEOGRAPHIC NAME
Geographic name Scotland
Chronological subdivision 1999-
690 ## - LOCAL SUBJECT ADDED ENTRY--TOPICAL TERM (OCLC, RLIN)
Topical term or geographic name as entry element ENVIRONMENTAL AND LAND CONSULTANCY-PLANNING AND DEVELOPMENT-PLANNING GUIDANCE
856 40 - ELECTRONIC LOCATION AND ACCESS
Uniform Resource Identifier <a href="https://www.scotland.gov.uk/Publications/2011/02/21110750/0">https://www.scotland.gov.uk/Publications/2011/02/21110750/0</a>
Public note View the circular free of charge at www.scotland.gov.uk...
942 ## - ADDED ENTRY ELEMENTS (KOHA)
Suppress in OPAC 0
Holdings
Withdrawn status Lost status Source of classification or shelving scheme Damaged status Not for loan Home library Current library Shelving location Date acquired Total Checkouts Full call number Barcode Date last seen Copy number Price effective from Koha item type
    Dewey Decimal Classification     Virtual Virtual Online 28/02/2011   ONLINE PUBLICATION 152361-1001 06/08/2019 1 06/08/2019 Book